Sloboda pohybu a pobytu ako základ migrácie

Sloboda pohybu a pobytu tvorí základný prostriedok migrácie. Bez spomínanej slobody by osoby nemohli migrovať a usádzať sa na štátnych územiach, ktoré patria pod zvrchovanosť iných štátov, než ich vlastných. Sloboda pohybu a pobytu však nie je neobmedzená. V otvorenej a demokratickej spoločnosti je...

Descrizione completa

Salvato in:
Dettagli Bibliografici
Autore principale: Pyteľová, Klaudia, 1985-
Natura: Capitolo di libro
Lingua:slovacco
Soggetti:
Tags: Aggiungi Tag
Nessun Tag, puoi essere il primo ad aggiungerne!!

MARC

LEADER 00000nla$a2200000$$$4500
001 0094390
005 20240502083239.7
041 0 |a slo 
044 |a CZ 
245 1 0 |a Sloboda pohybu a pobytu ako základ migrácie  |c Klaudia Pyteľová 
520 |a Sloboda pohybu a pobytu tvorí základný prostriedok migrácie. Bez spomínanej slobody by osoby nemohli migrovať a usádzať sa na štátnych územiach, ktoré patria pod zvrchovanosť iných štátov, než ich vlastných. Sloboda pohybu a pobytu však nie je neobmedzená. V otvorenej a demokratickej spoločnosti je daná sloboda obmedzená v súvislosti s bezpečnosťou štátu alebo s vykonávaním spravodlivosti. A diktatúry alebo anarchie sú úplne nezlučiteľné so slobodou ako-takou. 
610 2 0 |a pohyb obyvateľstva 
610 2 0 |a migrácia 
610 2 0 |a sloboda 
610 2 0 |a demokracia 
610 2 0 |a suverenita štátna 
610 2 0 |a bezpečnosť 
100 1 |a Pyteľová, Klaudia, 1985-